| 000 | 00656nam a22002057a 4500 | ||
|---|---|---|---|
| 005 | 20250919160210.0 | ||
| 008 | 250919s1972 es ||||fr|||| 00| 0 spa d | ||
| 040 |
_aCENDOC CAAAP _bspa _cCAAAP |
||
| 041 | _aspa | ||
| 050 |
_aP 325 _b.M38 |
||
| 100 | 1 |
_95483 _aMounin, Georges _eautor |
|
| 245 | 1 |
_aIntroducción a la semiología / _cGeorges, Mounin |
|
| 250 | _a1ra edición | ||
| 260 | 1 |
_aBarcelona, España : _bEditorial Anagrama, _c1972 |
|
| 300 |
_a285 paginas ; _c20 x 13 cm |
||
| 490 |
_aColección Argumentos ; _v23 |
||
| 650 | 1 | 0 |
_988 _aLingüística _vSemiología |
| 650 | 2 | 0 |
_93528 _aLengua y lenguajes _vComunicación |
| 942 |
_2lcc _bDD - MM - AA _cBK |
||
| 999 |
_c4004 _d4004 |
||